Loading...
| Religion | 0 | 7 | 0 | 0 | 70 | 55 | 109.86 | 0 | 0 | 0.00 | 0.00 |
| History - World | 0 | 6 | 2 | 2 | 50 | 57 | 101.00 | 0 | 2 | 0.00 | 0.00 |
| Social Science | 0 | 5 | 0 | 0 | 50 | 93 | 106.60 | 0 | 1 | 0.00 | 0.00 |
| History - American | 0 | 5 | 1 | 1 | 45 | 88 | 101.80 | 1 | 2 | 0.00 | 0.00 |
| Current Events | 0 | 4 | 0 | 0 | 40 | 41 | 81.75 | 1 | 1 | 0.00 | 0.00 |
| Other Academic | 0 | 2 | 0 | 0 | 20 | 94 | 107.00 | 0 | 1 | 0.00 | 0.00 |
| History - European | 0 | 2 | 1 | 0 | 15 | 100 | 113.00 | 0 | 0 | 0.00 | 0.00 |
| Any History | 0 | 1 | 0 | 0 | 10 | 128 | 128.00 | 0 | 0 | 0.00 | 0.00 |
| Geography | 0 | 1 | 0 | 0 | 10 | 46 | 46.00 | 0 | 0 | 0.00 | 0.00 |
| Literature - European | 0 | 1 | 0 | 0 | 10 | 123 | 123.00 | 0 | 0 | 0.00 | 0.00 |
| Philosophy | 0 | 0 | 0 | 0 | 0 | 0.00 | 0 | 0 | 0.00 | 0.00 | |
| Science - Other | 0 | 0 | 0 | 0 | 0 | 0.00 | 0 | 0 | 0.00 | 0.00 | |
| Science - Physics | 0 | 0 | 0 | 0 | 0 | 0.00 | 0 | 0 | 0.00 | 0.00 | |
| Literature - British | 0 | 0 | 0 | 0 | 0 | 0.00 | 0 | 0 | 0.00 | 0.00 | |
| Mythology | 0 | 0 | 1 | 0 | -5 | 0.00 | 0 | 0 | 0.00 | 0.00 | |
| Literature - World | 0 | 0 | 1 | 0 | -5 | 0.00 | 0 | 0 | 0.00 | 0.00 |